| 000 | 01007nam a22002297a 4500 | ||
|---|---|---|---|
| 005 | 20250428165251.0 | ||
| 008 | 250428b |||||||| |||| 00| 0 eng d | ||
| 020 | _a978-93-93077-55-4 (pbk) | ||
| 037 | _cTB | ||
| 040 |
_aCRL _cCRL |
||
| 041 |
_2hin _ahin |
||
| 084 |
_aV2:91 152R4 _qCRL |
||
| 100 |
_aहरजिन्दर _9753344 |
||
| 245 |
_aचुनाव के छल - प्रपंच: _bमतदाताओं की सोच बदलने का कारोबार |
||
| 260 |
_aगाज़ियाबाद, भारत: _bनवारुण, _c2024. |
||
| 300 | _a172पृ0 | ||
| 365 |
_b260.00 _cINR |
||
| 650 |
_aभारत - इतिहास _9753345 |
||
| 650 |
_aनिर्वाचन विधि _9753346 |
||
| 942 |
_2CC _cTB _hV2:91 152R4 _n0 |
||
| 999 |
_c1309691 _d1309691 |
||